000
00208nam a2200097Ia 4500
005
20251222114343.0
008
251222s1900||||xx |||||||||||||| ||spa||
082
_a
DVD0170/M22
245
0
_a
Colateral:
942
_c
DVD
999
_c
952
_d
952